• 首页
  • 本馆介绍
  • 公告通知
  • 最新文献
  • 馆藏检索
  • 电子资源
  • 读者导购
  • 参考咨询
  • 我的图书馆
  • 登录
  • 详细信息显示
  • 放入我的书架
  • 预约/预借图书
  • 作者相关作品
  • 分类相关作品
  • 丛书相关作品
  • 出版社相关作品

书目信息

  • 表格格式
  • 工作单格式
  • 卡片格式
题名:
工程热力学
    
 
作者: 刘桂玉...[等] 编著
分册:  
出版信息: 北京   高等教育出版社  1998.6
页数: 506页
开本: 20cm
丛书名:
单 册:
中图分类: TK123
科图分类:
主题词: 热力工程--理论
电子资源:
ISBN: 7-04-006451-0
000 00629nam0 2200217 45
001 0104051404
005 20031219104049.3
010    @a7-04-006451-0@dCNY15.70
100    @a20010405d1998 km y0chiy0120 ea
101 0  @achi
105    @a z 000yy
200 1  @a工程热力学@AGong Cheng Re Li Xue@f刘桂玉...[等]编著@FLiu Gui Yu...[Deng]Bian Zhu
210    @a北京@c高等教育出版社@d1998.6
215    @a506页@d20cm
300    @a高等学校教材
605    @a热力工程学@x教材
606 0  @a热力工程@x理论
690    @aTK123@v1
701  0 @a刘桂玉...[等]@4编著
801    @aCN@bTSTC@c20010514
905    @a213230@f3@b296392-394@dTK123@e38
    
    工程热力学/刘桂玉...[等]编著.-北京:高等教育出版社,1998.6
    506页;20cm
    高等学校教材
    
    ISBN 7-04-006451-0:CNY15.70
    
●
相关链接 在E读中查询图书 在五车中查询图书 在当当中查询图书 在豆瓣中查询图书


正题名:工程热力学     索取号:TK123/38         预约/预借

序号 登录号 条形码 馆藏地/架位号 状态 备注
1 0296392   002963920   第三借阅区/ [索取号:TK123/38] 在馆    
2 0296393   002963939   第三借阅区/ [索取号:TK123/38] 在馆    
3 0296394   002963948   第二样本阅览室/ [索取号:TK123/38] 在馆    
唐山师范学院图书馆 欢迎您!
大连网信软件有限公司© 版权所有